LEADER 01322nam a2200253 u 4500 001 000000010930 003 CaOOAMICUS 005 20070226105354.0 008 940516s1968 fr u000 u fre u 035 $a10270783 040 $aPUL$bita 245 00$aHilaire de Poitiers, évêque et docteur :$bcinq conférences données à Poitiers à l'occasion du XVIe centenaire de sa mort. 260 $aParis :$bEtudes augustiniennes,$c1968. 300 $a86 p. ;$c26 cm 490 1 $aCollection des études augustiniennes.$aSérie Antiquité ; ;$v34 600 04$aHilarius,$cs., vesc. di Poitiers,$dc. 315-367$xIndirizzi, saggi, letture.$0(OLS)http://pul/subject/8527 710 2 $aInstitut d'Etudes Augustiniennes (Parigi).$0(OLS)http://pul/name/79664 830 0$aCollection des études augustiniennes.$pSérie Antiquité,$x1158-7032 ;$v34.$0(OLS)http://pul/title/14078 850 $aPUL 852 $aPUL$W1$xSL Religione 1$y3$m24 D 43$j15488$nBK-PRI$b $qStampati$B15488$CPULBib$Z2$F15488 $H $81 941 1 $a8 961 $aINV: 33133 996 $6245$aHilaire de Poitiers, évêque et docteur :$bcinq conférences données à Poitiers à l'occasion du XVIe centenaire de sa mort$9(OLS)http://pul/title/15899 996 $6260$aParis :$bEtudes augustiniennes$9(OLS)http://pul/publisher/48226 LEADER 00965naa a2200217 u 4500 001 000000094532 003 CaOOAMICUS 005 20070226130138.0 008 040503s1979 be u000 u fre u 020 $a90-6186-089-X 035 $a10993058 040 $aIAR$bita 100 1 $aLarès, Micheline Maurice.$0(OLS)http://pul/name/14614 245 10$aTypes et optiques de traditions et "adaptions" de l'Ancien Testament en anglais du haut moyen âge /$cMicheline-Maurice Larès. 260 $aLeuven/Louvain :$bLeuven university press,$c1979. 300 $aS. 70-88, ;$c25 cm 773 0 $aThe Bible and medieval culture. 773 0 $tThe Bible and medieval culture$w()4929 996 $6020$a90-6186-089-X$9(OLS)http://pul/number/6354 996 $6245$aTypes et optiques de traditions et "adaptions" de l'Ancien Testament en anglais du haut moyen âge$9(OLS)http://pul/title/121400 996 $6260$aLeuven/Louvain :$bLeuven university press$9(OLS)http://pul/publisher/50689